THE CLASSIFICATION OF FLOWERING PLANTS (Record no. 18404)

MARC details
000 -LEADER
fixed length control field 00420nam a22001577a 4500
003 - CONTROL NUMBER IDENTIFIER
control field OSt
005 - DATE AND TIME OF LATEST TRANSACTION
control field 20211116095218.0
008 - FIXED-LENGTH DATA ELEMENTS--GENERAL INFORMATION
fixed length control field 211116b |||||||| |||| 00| 0 eng d
040 ## - CATALOGING SOURCE
Transcribing agency HU
082 ## - DEWEY DECIMAL CLASSIFICATION NUMBER
Classification number 582.13
100 ## - MAIN ENTRY--PERSONAL NAME
Personal name BARTON ALFED RENDLE
9 (RLIN) 18557
245 ## - TITLE STATEMENT
Title THE CLASSIFICATION OF FLOWERING PLANTS
260 ## - PUBLICATION, DISTRIBUTION, ETC.
Place of publication, distribution, etc. LONDON
Name of publisher, distributor, etc. CAMBRIDGE UNVERSTY PRESS
Date of publication, distribution, etc. 1904
300 ## - PHYSICAL DESCRIPTION
Extent xvi 412 index
Other physical details HC
Dimensions 24
942 ## - ADDED ENTRY ELEMENTS (KOHA)
Source of classification or shelving scheme Dewey Decimal Classification
Koha item type Books like text book referance book
Suppress in OPAC No
Holdings
Withdrawn status Lost status Source of classification or shelving scheme Damaged status Not for loan Collection code Home library Current library Shelving location Date acquired Total Checkouts Full call number Barcode Date last seen Copy number Price effective from Koha item type
    Dewey Decimal Classification     Reference Wondo Genet Library Wondo Genet Library General Stacks 11/16/2021   582.13 BEN 1904 WGCFNRL00006949 11/16/2021 1 11/16/2021 Books like text book referance book